Magical intervention (Record no. 73929)
[ view plain ]
| 000 -LEADER | |
|---|---|
| fixed length control field | 01080cam a2200205 4500 |
| 001 - CONTROL NUMBER | |
| control field | ABS67356 |
| 008 - FIXED-LENGTH DATA ELEMENTS--GENERAL INFORMATION | |
| fixed length control field | 031205n2003 000 0 eng u |
| 035 ## - SYSTEM CONTROL NUMBER | |
| System control number | (Sirsi) u124571 |
| 100 ## - MAIN ENTRY--PERSONAL NAME | |
| Personal name | Levy, D. |
| 245 ## - TITLE STATEMENT | |
| Title | Magical intervention |
| 260 ## - PUBLICATION, DISTRIBUTION, ETC. | |
| Date of publication, distribution, etc. | 2003 |
| 490 ## - SERIES STATEMENT | |
| Series statement | Estates Gazette |
| Volume/sequential designation | 0347 22 November 2003,149(1) |
| 520 ## - SUMMARY, ETC. | |
| Summary, etc. | Discusses how a high court judgement following the theft of the latest Harry Potter book "Bloomsbury Publishing plc and another v NewsGroup Newspapers Ltd" ([2003] EWHC 1205, [2003] 1 WLR 1633) has enabled injunctions against nameless persons to be granted when there is the threat of trespass, particularly when related to protests or demonstrations. Examines the steps taken through the whole process from when the threat of trespass is first realised, through to going to court and what to do once the protesters have left. |
| 590 ## - LOCAL NOTE (RLIN) | |
| Local note | ABS |
| 650 ## - SUBJECT ADDED ENTRY--TOPICAL TERM | |
| Topical term or geographic name entry element | TRESPASS |
| 650 ## - SUBJECT ADDED ENTRY--TOPICAL TERM | |
| Topical term or geographic name entry element | BLOOMSBURY PUBLISHING PLC AND ANOTHER V NEWS GROUP NEWSPAPERS LTD |
| 650 ## - SUBJECT ADDED ENTRY--TOPICAL TERM | |
| Topical term or geographic name entry element | HAMPSHIRE WASTE SERVICES LTD V PERSONS UNKNOWN |
| 690 ## - LOCAL SUBJECT ADDED ENTRY--TOPICAL TERM (OCLC, RLIN) | |
| Topical term or geographic name as entry element | LAW-UK |
| 942 ## - ADDED ENTRY ELEMENTS (KOHA) | |
| Suppress in OPAC | 0 |
| Withdrawn status | Lost status | Source of classification or shelving scheme | Damaged status | Not for loan | Home library | Current library | Shelving location | Date acquired | Total Checkouts | Full call number | Barcode | Date last seen | Copy number | Price effective from | Koha item type |
|---|---|---|---|---|---|---|---|---|---|---|---|---|---|---|---|
| Dewey Decimal Classification | London | London | Journal article | 05/12/2003 | ABS67356 | 124571-1001 | 06/08/2019 | 1 | 06/08/2019 | Journal article |